000 01061nam a2200229 4500
005 20260213112626.0
008 260213b |||||||| |||| 00| 0 eng d
020 _a9788183619349 (hbk)
037 _cTB
040 _aCRL
_cCRL
041 _2hin
_ahin
084 _aO152,2:g Q9
_qCRL
100 _aतनेजा, सत्येन्द्र कुमार
_91115569
245 _aसमकालीन रंग - परिदृश्य
260 _aनई दिल्ली, भारत:
_bराधाकृष्ण प्रकाशन,
_c2019.
300 _a399पृ.
365 _b995.00
_cINR
650 _aहिन्दी नाटक
_91115570
650 _aहिन्दी साहित्य
_91115571
942 _2CC
_n0
_cTB
_hO152,2:g Q9
999 _c1679532
_d1679532